école inclusive - Statistiques

Statistiques générales
  • Ce quiz a été pris 17 fois
  • Le résultat moyen est 10 sur 15
Statistiques - réponses
Question Réponse % Correct
Qu'est ce que la MDPH Maison départemental des personnes handicapées
100%
Quel est le rôle d'une équipe de Suivi de Scolarité (ESS) faire le point sur la scolarisation de l’élève, vérifier la mise en œuvre du PPS, évaluer si les aménagements sont adaptés, proposer des ajustements ou évolutions (temps d’AESH, matériel, orientation, etc.) ,transmettre des propositions à la MDPH
91%
Quel est le rôle d'une équipe éducative ? d’échanger des informations sur la situation d’un élève, d’identifier ses besoins, de proposer des solutions adaptées (aides pédagogiques, aménagements, accompagnement spécifique)
82%
Qu'est ce qu'un PPS Projet personnalisé de scolarisation
82%
Quel est le rôle d'un ERSH ? Référent des élèves handicapés d'une circonscription, conseiller sur des adaptations pédagogiques, participer aux ESS, aider à ajuster les conditions de scolarisation
82%
A quoi sert un PAI Document écrit pour les élèves ayant des traitements médicaux / alimentaire
73%
A quoi sert un PAP Ensemble des aménagements défini pour la scolarité d'un élève diagnostiqué d'un trouble
64%
Qu'est qu'un GEVA-sco Nécessaire pour diagnostique MDPH remplie par PE et famille, pour ensuite avoir un PPS
64%
A quoi sert un PPRE Pour élèves en difficulté, contrat PE / élève avec les aménagements mis en place
64%
A quoi sert un PPS pour les élèves notifiés MDPH pour répondre aux besoins particulier de l'enfant
64%
Qu'est ce qu'un PPRE programme personnalisé de réussite éducative
64%
Qu'est ce qu'un PAP Plan d'accompagnement personnalisé
55%
Quel est le rôle du Maitre E Rattaché au RASED, difficultés liées aux apprentissages
55%
Quel est le rôle du Maitre G Rattaché au RASED, difficultés liées au comportement, à l’adaptation scolaire
36%
Qu'est ce qu'un PAI Projet d'accueil individualisé
27%
Aucun quiz correspondant
Distribution des résultats
% des personnes avec chaque résultat
Percentile par nombre de réponses
Votre historique - résultats
Vous n’avez pas pris ce quiz